| 000 | 00907nam a22001817a 4500 | ||
|---|---|---|---|
| 008 | 110817t1968 xxu||||g |||| 000 0 ara d | ||
| 082 |
_222 _a248 _bف ل ه |
||
| 100 |
_926763 _aفلهوزن،يوليوس |
||
| 245 |
_aأحزاب المعارضة السياسية الدينية فى صدر الاسلام: _bالخوارج و الشيعة / _cتأليف يوليوس فلهوزن؛ترجمة عن الألمانية عبد الرحمن بدوى |
||
| 260 |
_aالقاهرة: _bمكتبة النهضة المصرية،1968. _c1968. |
||
| 300 |
_a278ص، _c24سم. |
||
| 490 |
_916364 _a؛دراسات اسلامية _n22. |
||
| 650 |
_916890 _aالخوارج |
||
| 650 |
_913293 _aالشيعة |
||
| 653 |
_bGeneral _cAugust2011 |
||
| 942 |
_2ddc _cBB |
||
| 999 |
_c15858 _d15858 |
||